Nennen Sie die größten und bekanntesten Städte und Orte in Luxemburg - Statistiken

Allgemein
  • Dieses Quiz wurde 64 mal gespielt
  • Das Durchschnittsergebnis liegt bei 6 aus 20
Antwortstatistiken
Antwort % Korrekt
Luxemburg
98%
Echternach
53%
Düdelingen
49%
Grevenmacher
47%
Vianden
47%
Ettelbrück
40%
Remich
38%
Diekirch
34%
Esch an der Alzette
34%
Wiltz
32%
Schengen
30%
Differdingen
28%
Clerf
21%
Mamer
13%
Capellen
11%
Esch-Sauer
6%
Strassen
6%
Rümelingen
4%
Bad Mondorf
2%
Ulflingen
0%
Keine übereinstimmenden Quizze gefunden
Verteilung der Resultate
Anzahl Personen mit jedem Resultat
Perzentil nach korrekt beantworteten Fragen
Ihre Resultats-Entwicklung
Sie haben dieses Quiz noch nicht gespielt